Nota : CPD Current Economic & Financial Scenario (21 February 1998)
| Format: | Book |
|---|---|
| Subjects: |
MARC
| LEADER | 00000cam a2200000 7i4500 | ||
|---|---|---|---|
| 001 | 0000005229 | ||
| 005 | 20000509.0 | ||
| 040 | |a INS | ||
| 090 | 0 | 0 | |a CPD 19 |
| 240 | 0 | 0 | |a CPD Talk |
| 245 | 0 | 0 | |a Nota : |b CPD Current Economic & Financial Scenario (21 February 1998) |
| 650 | 0 | 0 | |a Continuous Professional Development |
| 650 | 0 | 0 | |a Economic conditions |z Malaysia |
| 999 | |a CPD0000025 |b BOOK |c Course Notes |e Default branch | ||